|
|
|
|
| LEADER |
00000nam a22000007a 4500 |
| 005 |
20150929091441.0 |
| 007 |
cr|||| |||| |
| 008 |
150929s2015 sp |||||s|||| 00| 0 spa d |
| 020 |
|
|
|a 978-84-15923-85-5
|
| 035 |
|
|
|a 12824
|
| 040 |
|
|
|a vLex
|
| 090 |
|
|
|c 5555
|d 5555
|
| 100 |
1 |
|
|a Sol ̉Monells, Xavier
|
| 245 |
1 |
3 |
|a La proteccin̤ de los trabajadores frente a situaciones de riesgo grave e inminente
|h [Recurso electrn̤ico] /
|c Xavier Sol ̉Monells
|
| 256 |
|
|
|a Servicio en ln̕ea
|
| 260 |
|
|
|a Barcelona:
|b Editorial Bomarzo,
|c 2015
|
| 300 |
|
|
|a 1 recurso electrn̤ico
|
| 500 |
|
|
|a El presente estudio analiza con detalle los distintos mecanismos que el ordenamiento jurd̕ico espaǫl articula para garantizar la proteccin̤ de los trabajadores que puedan resultar expuestos a un riesgo grave e inminente (tanto las obligaciones que se imponen al empleador como las distintas facultades de paralizacin̤ otorgadas a los trabajadores afectados, a sus r̤ganos de representacin̤ y a la Inspeccin̤ de Trabajo y Seguridad Social), con la pretensin̤ de ofrecer una visin̤ clara del conjunto de reglas jurd̕icas aplicables, identificando los problemas que en la prc̀tica se generan y aportando soluciones.
|
| 506 |
1 |
|
|a Disponible solo en los productos indicados
|d vLex Global
|d vLex Global (Academic Edition, excluding Law Schools)
|d vLex Global (U.S. Academic Edition, Law Schools)
|d vLex Global (U.S. Academic Edition, excluding Law Schools)
|d vLex Global (Academic Edition, Law Schools)
|
| 650 |
0 |
4 |
|a Derecho del trabajo
|z Espaą
|
| 740 |
0 |
|
|a vLex Libros (Servicio en ln̕ea)
|
| 856 |
0 |
4 |
|u http://vlex.com/source/proteccion-de-los-trabajadores-frente-a-situaciones-de-riesgo-grave-e-inminente-12824
|z Acceso restringido
|
| 942 |
|
|
|c BOOK
|
| 999 |
0 |
|
|a Labor laws and legislation
|